[Event "2nd Gujarat Open 2019"]
[Site "Ahmedabad, Gujarat"]
[Date "2019.09.28"]
[Round "9.6"]
[White "Das, Sayantan"]
[Black "Abu Sufian, Shakil"]
[Result "1-0"]
[WhiteElo "2434"]
[BlackElo "2255"]
[Annotator "NA"]
[PlyCount "145"]
[EventDate "2019.09.22"]
[EventType "swiss"]
[EventCountry "IND"]
[SourceTitle "playchess.com"]
[Source "ChessBase"]
[SourceQuality "1"]
[TimeControl "5400+30"]

1. e4 {[%emt 0:00:00]} c6 {[%emt 0:00:00]} 2. d4 {[%emt 0:00:20]} d5 {[%emt 0:00:00]} 3. Nd2 {[%emt 0:00:08]} dxe4 {[%emt 0:00:00]} 4. Nxe4 {[%emt 0:00:04]} Bf5 {[%emt 0:00:00]} 5. Ng3 {[%emt 0:00:06]} Bg6 {[%emt 0:00:00]} 6. h4 {[%emt 0:00:15]} h6 {[%emt 0:00:00]} 7. Nf3 {[%emt 0:00:10]} e6 {[%emt 0:00:22]} 8. Ne5 {[%emt 0:00:37]} Bh7 {[%emt 0:00:03]} 9. Bd3 {[%emt 0:00:16]} Bxd3 {[%emt 0:00:04]} 10. Qxd3 {[%emt 0:00:05]} Nd7 {[%emt 0:00:25]} 11. Qe2 {[%emt 0:00:35]} Ngf6 {[%emt 0:04:37]} 12. Bd2 {[%emt 0:00:40]} Qc7 {[%emt 0:02:23]} 13. O-O-O {[%emt 0:01:09]} Bd6 {[%emt 0:00:27]} 14. Nf5 {[%emt 0:13:44]} exf5 {[%emt 0:11:29]} 15. Ng6+ {[%emt 0:04:59]} Ne4 {[%emt 0:00:24]} 16. Nxh8 {[%emt 0:00:11]} Kf8 {[%emt 0:00:11]} 17. Be1 {[%emt 0:18:43]} Kg8 {[%emt 0:11:14]} 18. Nxf7 {[%emt 0:03:40]} Kxf7 {[%emt 0:00:02]} 19. Qc4+ {[%emt 0:00:25]} Kf6 {[%emt 0:05:18]} 20. g4 {[%emt 0:10:17]} fxg4 {[%emt 0:06:55]} 21. Qe2 {[%emt 0:09:12]} Re8 {[%emt 0:00:23]} 22. Qxg4 {[%emt 0:00:17]} Nf8 {[%emt 0:09:24]} 23. d5 {[%emt 0:08:09]} Kf7 {[%emt 0:07:02]} 24. dxc6 {[%emt 0:01:40]} bxc6 {[%emt 0:00:40]} 25. Qh5+ {[%emt 0:11:03]} g6 {[%emt 0:00:30]} 26. Qf3+ {[%emt 0:01:30]} Kg7 {[%emt 0:00:26]} 27. Kb1 {[%emt 0:00:41]} h5 {[%emt 0:08:39]} 28. Qd3 {[%emt 0:03:21]} Kh7 {[%emt 0:00:42]} 29. Rh3 {[%emt 0:03:29]} Bf4 {[%emt 0:15:06]} 30. Qc4 {[%emt 0:01:49]} Nf6 {[%emt 0:04:35]} 31. Ba5 {[%emt 0:04:45]} Qxa5 {[%emt 0:00:18]} 32. Qxf4 {[%emt 0:00:29]} Qe5 {[%emt 0:03:14]} 33. Qa4 {[%emt 0:02:20]} Qc5 {[%emt 0:03:17]} 34. Rf3 {[%emt 0:01:01]} Kg7 {[%emt 0:00:09]} 35. a3 {[%emt 0:00:36]} Nd5 {[%emt 0:01:05]} 36. Qb3 {[%emt 0:00:27]} Re7 {[%emt 0:01:33]} 37. Qd3 {[%emt 0:00:36]} Ne6 {[%emt 0:00:50]} 38. Re1 {[%emt 0:00:18]} Nef4 {[%emt 0:00:09]} 39. Rxe7+ {[%emt 0:00:35]} Qxe7 {[%emt 0:00:02]} 40. Qd4+ {[%emt 0:00:07]} Kh7 {[%emt 0:00:56]} 41. Rxf4 {[%emt 0:00:12]} Nxf4 {[%emt 0:00:11]} 42. Qxf4 {[%emt 0:00:02]} c5 {[%emt 0:00:30]} 43. b3 {[%emt 0:00:42]} Kg7 {[%emt 0:01:28]} 44. a4 {[%emt 0:00:21]} a5 {[%emt 0:00:49]} 45. Ka2 {[%emt 0:01:07]} Kh7 {[%emt 0:00:35]} 46. Qg3 {[%emt 0:00:50]} Qg7 {[%emt 0:03:42]} 47. f4 {[%emt 0:00:48]} Qd4 {[%emt 0:01:17]} 48. Qg5 {[%emt 0:00:31]} Qe3 {[%emt 0:01:02]} 49. Qf6 {[%emt 0:00:28]} Qf2 {[%emt 0:00:33]} 50. Kb2 {[%emt 0:00:35]} Qe3 {[%emt 0:00:32]} 51. f5 {[%emt 0:00:19]} gxf5 {[%emt 0:00:08]} 52. Qxf5+ {[%emt 0:00:04]} Kh6 {[%emt 0:00:04]} 53. Qf6+ {[%emt 0:00:06]} Kh7 {[%emt 0:00:03]} 54. Qc3 {[%emt 0:01:00]} Qe7 {[%emt 0:00:54]} 55. Qd3+ {[%emt 0:00:54]} Kh6 {[%emt 0:00:22]} 56. Qd2+ {[%emt 0:00:03]} Kg6 {[%emt 0:00:06]} 57. Qf4 {[%emt 0:00:23]} Kh7 {[%emt 0:01:22]} 58. Ka2 {[%emt 0:00:33]} Kg6 {[%emt 0:00:15]} 59. Qg3+ {[%emt 0:00:16]} Kh6 {[%emt 0:00:18]} 60. Qf2 {[%emt 0:00:37]} Kg6 {[%emt 0:00:14]} 61. Qf4 {[%emt 0:00:43]} Kh7 {[%emt 0:00:19]} 62. Kb1 {[%emt 0:00:34]} Kg6 {[%emt 0:00:15]} 63. Qg3+ {[%emt 0:00:15]} Kh6 {[%emt 0:00:15]} 64. Ka2 {[%emt 0:00:33]} Kh7 {[%emt 0:00:54]} 65. Qd3+ {[%emt 0:00:06]} Kh6 {[%emt 0:00:21]} 66. Qd2+ {[%emt 0:00:05]} Kg6 {[%emt 0:01:00]} 67. Qxa5 {[%emt 0:00:30]} Qxh4 {[%emt 0:00:10]} 68. Qb6+ {[%emt 0:00:15]} Kg7 {[%emt 0:00:20]} 69. Qxc5 {[%emt 0:00:08]} Qg4 {[%emt 0:01:23]} 70. a5 {[%emt 0:00:21]} h4 {[%emt 0:00:45]} 71. a6 {[%emt 0:00:33]} h3 {[%emt 0:00:04]} 72. a7 {[%emt 0:00:31]} Qg2 {[%emt 0:00:02]} 73. Qc8 {[%emt 0:00:35]} 1-0

[Event "2nd Gujarat Open 2019"]
[Site "Ahmedabad, Gujarat"]
[Date "2019.09.28"]
[Round "9.7"]
[White "Karthikeyan, P.."]
[Black "Manik, Mikulas"]
[Result "1/2-1/2"]
[WhiteElo "2408"]
[BlackElo "2375"]
[Annotator "NA"]
[PlyCount "62"]
[EventDate "2019.09.22"]
[EventType "swiss"]
[EventCountry "IND"]
[SourceTitle "playchess.com"]
[Source "ChessBase"]
[SourceQuality "1"]
[TimeControl "5400+30"]

1. Nf3 {[%emt 0:01:40]} d6 {[%emt 0:00:56]} 2. d4 {[%emt 0:02:55]} Nf6 {[%emt 0:00:18]} 3. Nc3 {[%emt 0:00:05]} g6 {[%emt 0:01:04]} 4. e4 {[%emt 0:00:04]} Bg7 {[%emt 0:00:14]} 5. Be2 {[%emt 0:00:30]} O-O {[%emt 0:00:26]} 6. h3 {[%emt 0:00:42]} c5 {[%emt 0:01:08]} 7. d5 {[%emt 0:07:27]} b5 {[%emt 0:03:20]} 8. Nxb5 {[%emt 0:03:14]} Nxe4 {[%emt 0:01:02]} 9. O-O {[%emt 0:00:54]} Bb7 {[%emt 0:17:33]} 10. Re1 {[%emt 0:01:26]} a6 {[%emt 0:12:32]} 11. Na3 {[%emt 0:01:06]} e5 {[%emt 0:00:15]} 12. Nc4 {[%emt 0:03:35]} f5 {[%emt 0:04:44]} 13. Bd3 {[%emt 0:02:34]} Nf6 {[%emt 0:08:33]} 14. Ng5 {[%emt 0:01:41]} Re8 {[%emt 0:17:28]} 15. Ne6 {[%emt 0:02:23]} Qe7 {[%emt 0:00:02]} 16. f4 {[%emt 0:10:50]} e4 {[%emt 0:01:45]} 17. Nxg7 {[%emt 0:00:35]} Kxg7 {[%emt 0:00:06]} 18. Nb6 {[%emt 0:06:10]} Ra7 {[%emt 0:11:49]} 19. Bc4 {[%emt 0:02:14]} Qc7 {[%emt 0:00:13]} 20. Na4 {[%emt 0:00:30]} Qf7 {[%emt 0:00:22]} 21. Nc3 {[%emt 0:07:05]} Nbd7 {[%emt 0:00:41]} 22. b3 {[%emt 0:00:08]} Kf8 {[%emt 0:04:27]} 23. Bb2 {[%emt 0:02:38]} Nh5 {[%emt 0:01:18]} 24. Qd2 {[%emt 0:03:44]} Nb6 {[%emt 0:03:07]} 25. a4 {[%emt 0:02:38]} Qf6 {[%emt 0:02:38]} 26. g4 {[%emt 0:05:07]} Nxc4 {[%emt 0:02:20]} 27. bxc4 {[%emt 0:00:13]} Qd4+ {[%emt 0:00:18]} 28. Qxd4 {[%emt 0:01:49]} cxd4 {[%emt 0:00:02]} 29. Ne2 {[%emt 0:03:31]} d3 {[%emt 0:00:13]} 30. cxd3 {[%emt 0:01:06]} exd3 {[%emt 0:00:15]} 31. gxh5 {[%emt 0:00:16]} d2 {[%emt 0:00:24]} 1/2-1/2

[Event "2nd Gujarat Open 2019"]
[Site "Ahmedabad, Gujarat"]
[Date "2019.09.28"]
[Round "9.8"]
[White "Konguvel, Ponnuswamy"]
[Black "Laxman, R.R."]
[Result "0-1"]
[WhiteElo "2374"]
[BlackElo "2437"]
[Annotator "TA"]
[PlyCount "88"]
[EventDate "2019.09.22"]
[EventType "swiss"]
[EventCountry "IND"]
[SourceTitle "playchess.com"]
[Source "ChessBase"]
[SourceQuality "1"]

{[%evp 22,88,37,22,46,36,43,29,69,64,54,56,92,87,95,38,38,25,52,51,71,91,160,20,70,0,0,0,0,0,0,0,0,0,0,0,0,0,0,0,0,0,0,0,0,0,408,0,0,0,0,0,0,0,0,0,7,7,7,7,7,-15,-15,-16,-17,-29982,-29983,-29983,-29984]} 1. e4 e5 2. Nf3 Nc6 3. Bb5 a6 4. Ba4 Nf6 5. O-O Be7 6. Re1 b5 7. Bb3 O-O 8. c3 d6 9. h3 Na5 10. Bc2 c5 11. d4 Nd7 12. a4 exd4 {C96: Closed Ruy Lopez: Chigorin Defence: 11 d4, replies other than 11...Qc7} (12... b4 13. Nbd2 Rb8 14. Nf1 b3 15. Bd3 exd4 16. cxd4 c4 17. Be2 c3 18. Ng3 Nf6 19. Bd3 Nc6 20. d5 {0-1 (37) Quesada Perez,Y (2627)-Caruana,F (2811) chess.com INT 2018}) 13. axb5 axb5 14. cxd4 Bb7 {White has an edge.} 15. dxc5 dxc5 16. Nc3 b4 17. Nd5 Nb6 $146 {[%cal Rb6d5]} ({Predecessor:} 17... Bf6 18. e5 Nxe5 19. Nxf6+ gxf6 20. Nxe5 Qxd1 21. Bxd1 fxe5 22. Rxe5 {1-0 (52) Parligras,M (2551)-Arnaudov,P (2404) Albena 2010}) 18. Nxe7+ (18. Bf4 $16 Nxd5 19. exd5) 18... Qxe7 $14 19. b3 Rfd8 20. Qe2 Ba6 21. Qe3 Nc6 (21... Bb7 $142) 22. Bb2 (22. e5 $1 $16 {Strongly threatening Qe4!} Bb7 23. Rxa8 Rxa8 24. e6) 22... Bb5 23. Rxa8 (23. Rac1 $14) 23... Nxa8 $11 24. e5 Nc7 $1 25. Ng5 h6 26. Ne4 Nd4 {[#]} 27. Nf6+ $1 {[%mdl 512]} Kf8 (27... gxf6 28. Qxh6) 28. Nh7+ $1 Ke8 29. Be4 $1 Nce6 30. f4 {Threatens to win with f5.} Qh4 31. f5 Nf4 32. Bxd4 cxd4 33. Qc1 $1 ({Wrong is} 33. Qd2 $2 d3 $17) 33... Bd7 $2 {[%mdl 8192] [#]} (33... Qg3 $11 {and Black is okay.} 34. Bc6+ Rd7 $1 {[%mdl 512]}) 34. e6 $2 ({White must play} 34. Qc5 $1 $18 {[%csl Gh7][%cal Rc5f8][%mdl 512]} Qe7 35. Qb6) 34... fxe6 35. fxe6 Bxe6 36. Bf5 Kf7 37. Qc7+ $1 Kg8 38. Bxe6+ Nxe6 39. Rxe6 {Nf6+! is the strong threat.} Kxh7 {KQR-KQR} 40. Re7 Rg8 $132 {[%mdl 2048] Black is fighting back} 41. Qc2+ Kh8 42. Re4 Qg3 {And now ...Ra8 would win.} 43. Rxd4 $2 {[%mdl 8192]} (43. Qf2 $11 Qxb3 44. Qxd4) 43... Qe1+ 44. Kh2 Qe5+ {[%mdl 64] Double Attack. Accuracy: White = 51%, Black = 69%.} 0-1

[Event "2nd Gujarat Open 2019"]
[Site "Ahmedabad, Gujarat"]
[Date "2019.09.28"]
[Round "9.9"]
[White "Pranav, V."]
[Black "Rahman, Ziaur"]
[Result "0-1"]
[WhiteElo "2308"]
[BlackElo "2492"]
[Annotator "ChessBase"]
[PlyCount "78"]
[EventDate "2019.09.22"]
[EventType "swiss"]
[EventCountry "IND"]
[SourceTitle "playchess.com"]
[Source "ChessBase"]
[SourceQuality "1"]
[TimeControl "5400+30"]

1. e4 {[%emt 0:00:00]} c6 {[%emt 0:02:19]} 2. d4 {[%emt 0:00:00]} d5 {[%emt 0:00:06]} 3. e5 {[%emt 0:00:00]} c5 {[%emt 0:00:53]} 4. Nf3 {[%emt 0:00:00]} cxd4 {[%emt 0:00:49]} 5. Qxd4 {[%emt 0:00:05]} e6 {[%emt 0:01:11]} 6. Bd3 {[%emt 0:01:17]} Nc6 {[%emt 0:01:12]} 7. Qf4 {[%emt 0:00:09]} f5 {[%emt 0:04:52]} 8. h4 {[%emt 0:01:58]} Nb4 {[%emt 0:04:25]} 9. Nc3 {[%emt 0:01:17]} Bd7 {[%emt 0:01:28]} 10. Be3 {[%emt 0:02:53]} Nxd3+ {[%emt 0:02:21]} 11. cxd3 {[%emt 0:00:07]} Nh6 {[%emt 0:00:34]} 12. Nh2 {[%emt 0:14:00]} Bc6 {[%emt 0:10:34]} 13. Qd4 {[%emt 0:04:03]} Be7 {[%emt 0:05:11]} 14. Bxh6 {[%emt 0:08:36]} gxh6 {[%emt 0:00:08]} 15. Ne2 {[%emt 0:11:32]} Rg8 {[%emt 0:05:43]} 16. Kf1 {[%emt 0:01:27]} Qa5 {[%emt 0:01:34]} 17. Rc1 {[%emt 0:03:07]} Qxa2 {[%emt 0:03:17]} 18. g3 {[%emt 0:04:21]} Bd8 {[%emt 0:07:21]} 19. Nf4 {[%emt 0:11:04]} Kf7 {[%emt 0:05:28]} 20. Nf3 {[%emt 0:06:02]} Qa4 {[%emt 0:13:25]} 21. Qe3 {[%emt 0:03:08]} d4 {[%emt 0:04:19]} 22. Nxd4 {[%emt 0:04:02]} Bxh1 {[%emt 0:01:25]} 23. Nfxe6 {[%emt 0:00:05]} Rc8 {[%emt 0:01:27]} 24. Re1 {[%emt 0:01:44]} Bb6 {[%emt 0:03:44]} 25. Qxh6 {[%emt 0:01:19]} Bxd4 {[%emt 0:02:03]} 26. Nxd4 {[%emt 0:00:09]} Qxd4 {[%emt 0:01:29]} 27. Qf6+ {[%emt 0:00:09]} Ke8 {[%emt 0:00:04]} 28. Qe6+ {[%emt 0:00:06]} Kd8 {[%emt 0:01:01]} 29. Qxg8+ {[%emt 0:00:48]} Kc7 {[%emt 0:00:06]} 30. Qxh7+ {[%emt 0:07:26]} Qd7 {[%emt 0:00:39]} 31. Qh6 {[%emt 0:07:11]} Qxd3+ {[%emt 0:02:16]} 32. Kg1 {[%emt 0:00:05]} Bc6 {[%emt 0:00:22]} 33. Kh2 {[%emt 0:05:43]} a5 {[%emt 0:02:34]} 34. Re3 {[%emt 0:00:57]} Qd1 {[%emt 0:01:16]} 35. f3 {[%emt 0:00:12]} Rd8 {[%emt 0:00:33]} 36. g4 {[%emt 0:00:48]} f4 {[%emt 0:01:08]} 37. Qxf4 {[%emt 0:00:28]} Rd2+ {[%emt 0:00:07]} 38. Kg3 {[%emt 0:00:04]} Qg1+ {[%emt 0:00:06]} 39. Kh3 {[%emt 0:00:03]} Qg2# 0-1

[Event "2nd Gujarat Open 2019"]
[Site "Ahmedabad, Gujarat"]
[Date "2019.09.28"]
[Round "9.10"]
[White "Bharat Kumar Reddy Poluri"]
[Black "Neelotpal, Das"]
[Result "1/2-1/2"]
[WhiteElo "2304"]
[BlackElo "2433"]
[Annotator "RC"]
[PlyCount "65"]
[EventDate "2019.09.22"]
[EventType "swiss"]
[EventCountry "IND"]
[SourceTitle "playchess.com"]
[Source "ChessBase"]
[SourceQuality "1"]
[TimeControl "5400+30"]

1. e4 {[%emt 0:00:44]} e5 {[%emt 0:00:00]} 2. Nf3 {[%emt 0:00:07]} Nc6 {[%emt 0:00:00]} 3. Bb5 {[%emt 0:00:04]} a6 {[%emt 0:00:00]} 4. Ba4 {[%emt 0:00:03]} Nf6 {[%emt 0:00:00]} 5. O-O {[%emt 0:00:06]} Be7 {[%emt 0:00:00]} 6. Re1 {[%emt 0:00:05]} b5 {[%emt 0:00:00]} 7. Bb3 {[%emt 0:00:05]} d6 {[%emt 0:00:08]} 8. c3 {[%emt 0:00:03]} O-O {[%emt 0:00:05]} 9. h3 {[%emt 0:00:03]} Na5 {[%emt 0:00:08]} 10. Bc2 {[%emt 0:00:06]} c5 {[%emt 0:00:04]} 11. d4 {[%emt 0:00:08]} Nd7 {[%emt 0:00:07]} 12. Nbd2 {[%emt 0:00:32]} exd4 {[%emt 0:00:19]} 13. cxd4 {[%emt 0:00:03]} Nc6 {[%emt 0:00:03]} 14. d5 {[%emt 0:01:45]} Nce5 {[%emt 0:00:05]} 15. a4 {[%emt 0:01:15]} Rb8 {[%emt 0:02:32]} 16. Nxe5 {[%emt 0:02:17]} Nxe5 {[%emt 0:00:48]} 17. axb5 {[%emt 0:00:14]} axb5 {[%emt 0:00:05]} 18. f4 {[%emt 0:00:30]} Ng6 {[%emt 0:00:06]} 19. Nf3 {[%emt 0:01:46]} Bh4 {[%emt 0:00:19]} 20. Nxh4 {[%emt 0:01:13]} Qxh4 {[%emt 0:00:35]} 21. e5 {[%emt 0:02:42]} Nxf4 {[%emt 0:34:48]} 22. Ra3 {[%emt 0:01:01]} Ng6 {[%emt 0:11:19]} 23. exd6 {[%emt 0:12:03]} Rb6 {[%emt 0:10:36]} 24. Be3 {[%emt 0:10:15]} Rxd6 {[%emt 0:01:55]} 25. Bf2 {[%emt 0:05:06]} Qg5 {[%emt 0:10:35]} 26. Rg3 {[%emt 0:02:24]} Qd8 {[%emt 0:00:51]} 27. Bxc5 {[%emt 0:01:46]} Rxd5 {[%emt 0:00:58]} 28. Rd3 {[%emt 0:00:11]} Rxd3 {[%emt 0:01:27]} 29. Bxd3 {[%emt 0:02:40]} Nf4 {[%emt 0:08:16]} 30. Bxf8 {[%emt 0:01:05]} Nxd3 {[%emt 0:00:25]} 31. Bc5 {[%emt 0:07:08]} Bf5 {[%emt 0:03:59]} 32. b4 {[%emt 0:03:49]} h6 {[%emt 0:01:09]} 33. Rf1 {[%emt 0:03:21]} 1/2-1/2

[Event "2nd Gujarat Open 2019"]
[Site "Ahmedabad, Gujarat"]
[Date "2019.09.28"]
[Round "9.11"]
[White "Lugovskoy, Maxim"]
[Black "Nikhil Magizhnan"]
[Result "1-0"]
[WhiteElo "2422"]
[BlackElo "2251"]
[Annotator "NA"]
[PlyCount "177"]
[EventDate "2019.09.22"]
[EventType "swiss"]
[EventCountry "IND"]
[SourceTitle "playchess.com"]
[Source "ChessBase"]
[SourceQuality "1"]
[TimeControl "5400+30"]

1. e4 {[%emt 0:03:34]} e6 {[%emt 0:04:31]} 2. Qe2 {[%emt 0:00:18]} c5 {[%emt 0:01:21]} 3. Nf3 {[%emt 0:00:12]} Nc6 {[%emt 0:00:23]} 4. c3 {[%emt 0:00:04]} e5 {[%emt 0:08:28]} 5. Qe3 {[%emt 0:00:44]} d6 {[%emt 0:17:41]} 6. d4 {[%emt 0:00:54]} g6 {[%emt 0:25:19]} 7. Na3 {[%emt 0:05:28]} cxd4 {[%emt 0:04:28]} 8. cxd4 {[%emt 0:00:08]} exd4 {[%emt 0:00:30]} 9. Nxd4 {[%emt 0:01:50]} Bg7 {[%emt 0:00:41]} 10. Bb5 {[%emt 0:08:23]} Nge7 {[%emt 0:02:46]} 11. Bd2 {[%emt 0:06:45]} O-O {[%emt 0:00:56]} 12. Bc3 {[%emt 0:06:09]} Qb6 {[%emt 0:10:38]} 13. Bxc6 {[%emt 0:02:01]} Nxc6 {[%emt 0:02:52]} 14. Nc4 {[%emt 0:04:31]} Qc5 {[%emt 0:02:07]} 15. Nxc6 {[%emt 0:01:48]} Bxc3+ {[%emt 0:12:27]} 16. Qxc3 {[%emt 0:02:32]} Qxc6 {[%emt 0:00:05]} 17. Qd4 {[%emt 0:01:13]} Be6 {[%emt 0:00:19]} 18. Ne3 {[%emt 0:00:39]} Qa6 {[%emt 0:00:30]} 19. h4 {[%emt 0:00:44]} h5 {[%emt 0:00:10]} 20. f3 {[%emt 0:01:20]} Qa5+ {[%emt 0:02:35]} 21. Kf2 {[%emt 0:00:06]} Rfd8 {[%emt 0:00:54]} 22. f4 {[%emt 0:01:05]} Qc5 {[%emt 0:00:45]} 23. Rhd1 {[%emt 0:00:04]} Rac8 {[%emt 0:00:29]} 24. Qf6 {[%emt 0:00:42]} Bg4 {[%emt 0:00:30]} 25. Rd5 {[%emt 0:02:06]} Qb6 {[%emt 0:00:18]} 26. Qd4 {[%emt 0:00:38]} Qxd4 27. Rxd4 {[%emt 0:00:07]} Be6 {[%emt 0:01:10]} 28. b3 {[%emt 0:00:07]} Rc5 {[%emt 0:00:24]} 29. Rad1 {[%emt 0:00:05]} Ra5 {[%emt 0:00:31]} 30. R1d2 {[%emt 0:00:05]} f6 {[%emt 0:00:40]} 31. Ke2 {[%emt 0:02:42]} Kf7 {[%emt 0:00:21]} 32. Kd1 {[%emt 0:00:03]} Ke7 {[%emt 0:00:22]} 33. Kc1 {[%emt 0:00:04]} Rc8+ {[%emt 0:00:41]} 34. Kb2 {[%emt 0:00:01]} Rc6 {[%emt 0:00:02]} 35. Nc2 {[%emt 0:01:01]} Rb6 {[%emt 0:01:03]} 36. R4d3 {[%emt 0:00:19]} Rc5 {[%emt 0:00:31]} 37. Nd4 {[%emt 0:00:07]} Bg4 {[%emt 0:00:23]} 38. Re3 {[%emt 0:02:00]} Kf7 {[%emt 0:00:28]} 39. Nc2 {[%emt 0:00:39]} Be6 {[%emt 0:00:25]} 40. Ne1 {[%emt 0:02:39]} a5 {[%emt 0:00:42]} 41. Rd4 {[%emt 0:01:08]} Rc7 {[%emt 0:00:30]} 42. Re2 {[%emt 0:00:36]} Bg4 {[%emt 0:00:21]} 43. Red2 {[%emt 0:00:05]} Ke7 {[%emt 0:00:28]} 44. Nc2 {[%emt 0:00:52]} Be6 {[%emt 0:00:42]} 45. Ne3 {[%emt 0:00:40]} Rc5 {[%emt 0:00:07]} 46. Re2 {[%emt 0:00:33]} Kf7 {[%emt 0:00:15]} 47. Rf2 {[%emt 0:02:39]} Ke7 {[%emt 0:00:48]} 48. Rf3 {[%emt 0:00:21]} Ra6 {[%emt 0:00:35]} 49. Rf2 {[%emt 0:06:07]} Rb6 {[%emt 0:00:07]} 50. Rf1 {[%emt 0:00:12]} Ra6 {[%emt 0:00:15]} 51. Rf3 {[%emt 0:00:04]} Rb6 {[%emt 0:00:53]} 52. Rg3 {[%emt 0:00:09]} Kf7 {[%emt 0:00:13]} 53. f5 {[%emt 0:00:07]} gxf5 {[%emt 0:00:29]} 54. exf5 {[%emt 0:00:02]} Bxf5 {[%emt 0:01:06]} 55. Nc4 {[%emt 0:00:05]} Rbc6 {[%emt 0:00:44]} 56. Nxd6+ {[%emt 0:01:01]} Kf8 {[%emt 0:00:15]} 57. Nxb7 {[%emt 0:01:56]} Rc2+ {[%emt 0:00:34]} 58. Ka3 {[%emt 0:00:04]} Bg4 {[%emt 0:00:33]} 59. Rd8+ {[%emt 0:01:41]} Kf7 {[%emt 0:00:27]} 60. Ra8 {[%emt 0:00:08]} Rc7 {[%emt 0:00:35]} 61. Nxa5 {[%emt 0:00:09]} Re2 {[%emt 0:00:10]} 62. Nc4 {[%emt 0:00:10]} f5 {[%emt 0:00:48]} 63. Rc3 {[%emt 0:00:52]} Rce7 {[%emt 0:00:29]} 64. g3 {[%emt 0:00:04]} Rh2 {[%emt 0:00:28]} 65. Rd3 {[%emt 0:00:18]} Ree2 {[%emt 0:00:31]} 66. Ra7+ {[%emt 0:00:33]} Kf6 {[%emt 0:00:35]} 67. Kb4 {[%emt 0:00:18]} Re6 {[%emt 0:00:32]} 68. Rd8 {[%emt 0:00:54]} Rh3 {[%emt 0:00:22]} 69. Rf8+ {[%emt 0:00:25]} Kg6 {[%emt 0:00:01]} 70. Rg8+ {[%emt 0:00:06]} Kf6 {[%emt 0:00:18]} 71. Rgg7 {[%emt 0:00:05]} Re8 {[%emt 0:01:13]} 72. Raf7+ {[%emt 0:01:15]} Ke6 {[%emt 0:00:02]} 73. Rb7 {[%emt 0:00:05]} Kf6 {[%emt 0:00:35]} 74. Rh7 {[%emt 0:00:20]} Kg6 {[%emt 0:00:21]} 75. Rhc7 {[%emt 0:00:07]} Re6 {[%emt 0:00:29]} 76. Ne5+ {[%emt 0:00:08]} Kf6 {[%emt 0:00:14]} 77. Nd7+ {[%emt 0:00:03]} Kf7 {[%emt 0:00:17]} 78. Nc5+ {[%emt 0:00:05]} Kf6 {[%emt 0:00:06]} 79. Nxe6 {[%emt 0:00:29]} Kxe6 {[%emt 0:00:02]} 80. Rc3 {[%emt 0:00:29]} f4 {[%emt 0:00:09]} 81. gxf4 {[%emt 0:00:10]} Rxh4 {[%emt 0:00:04]} 82. a4 {[%emt 0:00:11]} Bf5 {[%emt 0:00:09]} 83. Rc6+ {[%emt 0:00:07]} Kd5 {[%emt 0:00:05]} 84. Rc5+ {[%emt 0:00:12]} Ke4 {[%emt 0:00:02]} 85. Re7+ {[%emt 0:00:06]} Kxf4 {[%emt 0:00:06]} 86. Rc4+ {[%emt 0:00:04]} Kg5 {[%emt 0:00:02]} 87. Rg7+ {[%emt 0:00:05]} Kh6 {[%emt 0:00:14]} 88. Rxh4 {[%emt 0:00:04]} Kxg7 {[%emt 0:00:04]} 89. Rxh5 {[%emt 0:00:03]} 1-0